| 000 | 00684nam a2200241 a 4500 | ||
|---|---|---|---|
| 001 | BRCA_6108 | ||
| 005 | 20190320205334.0 | ||
| 008 | 270611s1862----gw-#######---#000-0#ger-# | ||
| 041 | _ager | ||
| 044 | _agw | ||
| 050 | 4 |
_aPT4848 .R4 _b.U8 1 1962 |
|
| 100 | 1 |
_aReuter, Fritz _d1810-1874 _915434 |
|
| 245 | 1 | 0 |
_aUt mine Stromtid _bErster Band _cFritz Reuter. |
| 260 |
_aBerlín _bDeutsche Bibliothek _c[1862] |
||
| 300 |
_ax, 305 p. (v.1) _c18 cm. |
||
| 500 | _aEstado físsico: lomo deteriorado | ||
| 500 | _aVer también O103 (v.2) | ||
| 500 | _aK10 | ||
| 505 | 0 | _aContenido: capitulo 1 al capitulo 19 | |
| 650 | 1 | 4 |
_aLiteratura Alemana _96160 |
| 902 | _aGFM | ||
| 942 |
_2lcc _cB |
||
| 999 |
_c5795 _d5795 |
||